000 00710nam a2200289Ia 4500
005 20260324133759.0
008 008 260324s9999 xx 000 0 eng d
020 _a9781315705460
037 _aEBOOK
040 _aCRL
040 _beng
040 _cCRL
041 _2eng
041 _aeng
084 _qCRL
100 _aDvora Yanow
_91194369
245 0 _aConstructing Race and Ethnicity in America
245 0 _bCategory-making in Public Policy and Administration
260 _bTaylor and Francis
260 _c2003
365 _a
365 _b255
856 _uhttp://www.taylorfrancis.com/books/9781315705460
942 _cEBOOK
999 _c1793773
_d1793773